00629nam a22002177a 4500003000500000005001700005008004100022010001000063011001000073035001000083040000900093100001600102245009100118260005100209300001000260490003600270500001000306650003700316650002200353830003600375CHAP20220329141503.0971013s1989 r 00010 d a68920 a69892 a79370 cCHAP00aBenz, Jurg. aProducción y utilización de materiales para la siembra de papa en climas cálidos aLima :bCentro Internacional de la Papa,c1989 a38 p. aGuía de investigaciónv; 23 a32-6814aPapaxEfecto del medio ambiente.14aPapaxTrópicos.0 aGuía de investigaciónv; 23